000 01351nam a22003497a 4500
005 20240530110455.0
008 150603s2010 ua g b 000 0 ara d
017 _a2009/20372
_bمصر . دار الكتب المصرية
020 _a9789774114636
040 _aEG-CaGPL
082 0 4 _221
_a300\
_bو م
100 1 _aويلكينز ، اليزابث
245 1 0 _aمبادئ العلوم الاجتماعية /
_cاليزابث ويلكينز ؛ مراجعة التعريب و الترجمة و الاعداد فادية عمر الجولانى
250 _aط1
260 _aالقاهرة :
_bالمكتبة المصرية للنشر و التوزيع ،
_c2010 .
300 _a208 ص ؛
_c24 سم .
504 _aيشتمل على ارجاعات ببليوجرافية
650 0 4 _aالعلوم الاجتماعية
650 0 4 _aالاجتماع ، علم
650 0 4 _aالاقتصاد
650 0 4 _aالسكان
650 0 4 _aالتغير الاجتماعى
650 0 4 _aالاتصال
650 0 4 _aالزواج
650 0 4 _aالاسرة
650 0 4 _aالتعليم
650 0 4 _aالاحوال السياسية
650 0 4 _aالاحوال الاقتصادية
700 0 _aفادية عمر الجولانى
_eمراجع و مترجم
942 _2ddc
_cBK
999 _c61357
_d61357